| 000 | 01390nam a2200349Ia 4500 | ||
|---|---|---|---|
| 001 | ebr10132040 | ||
| 003 | CaPaEBR | ||
| 006 | m u | ||
| 007 | cr cn||||||||| | ||
| 008 | 051228s2006 dcu sb 001 0 eng d | ||
| 010 | _z 2005057766 | ||
| 020 | _z082136328X | ||
| 040 |
_aCaPaEBR _cCaPaEBR |
||
| 035 | _a(OCoLC)70707707 | ||
| 050 | 1 | 4 |
_aHJ9105 _b.L618 2006eb |
| 082 | 0 | 4 |
_a336/.0141722 _222 |
| 245 | 0 | 0 |
_aLocal governance in industrial countries _h[electronic resource] / _cedited by Anwar Shah. |
| 260 |
_aWashington, DC : _bWorld Bank, _c2006. |
||
| 300 | _axxvi, 368 p. | ||
| 490 | 1 | _aPublic sector, governance, and accountability series | |
| 504 | _aIncludes bibliographical references and index. | ||
| 533 |
_aElectronic reproduction. _bPalo Alto, Calif. : _cebrary, _d2009. _nAvailable via World Wide Web. _nAccess may be limited to ebrary affiliated libraries. |
||
| 650 | 0 |
_aLocal finance _zOECD countries. |
|
| 650 | 0 |
_aLocal government _zOECD countries. |
|
| 650 | 0 |
_aFinance, Public _zOECD countries. |
|
| 650 | 0 |
_aPublic administration _zOECD countries. |
|
| 655 | 7 |
_aElectronic books. _2local |
|
| 700 | 1 | _aShah, Anwar. | |
| 710 | 2 | _aebrary, Inc. | |
| 830 | 0 | _aPublic sector governance and accountability series. | |
| 856 | 4 | 0 |
_uhttp://site.ebrary.com/lib/rucke/Doc?id=10132040 _zAn electronic book accessible through the World Wide Web; click to view |
| 999 |
_c80533 _d80533 |
||